Prezentácia histórie informatiky na STU

Guardado en:
Detalles Bibliográficos
Autor principal: Perďoch, Ján (Autor)
Otros Autores: Šimáková, Valéria, 1942- (Orientador)
Formato: Manuscrito Libro
Lenguaje:eslovaco
Publicado: STU v Bratislave FIIT, 2008
Materias:
Etiquetas: Agregar Etiqueta
Sin Etiquetas, Sea el primero en etiquetar este registro!

MARC

LEADER 00000ntm a22000003a 4500
001 stu180117
005 20180412111353.7
008 090216s2008----xo------------------slo-d
040 |a STU  |b slo 
041 0 |a slo 
044 |a xo 
100 1 |a Perďoch, Ján  |4 aut  |u I200  |U FIIT Fakulta informatiky a informačných technológií  |T FIIT Ústav informatiky a softvérového inžinierstva  |U I200  |Y 179 
245 1 |a Prezentácia histórie informatiky na STU 
260 |b STU v Bratislave FIIT,  |c 2008 
300 |a 63 s 
650 7 |a informačné systémy  |2 stusub 
700 1 |a Šimáková, Valéria,  |d 1942-  |4 ths  |u I200  |U FIIT Fakulta informatiky a informačných technológií  |T FIIT Ústav informatiky a softvérového inžinierstva  |X 4253  |U I200  |Y 179  |7 A000004253 
996 |c I*DP89/08  |l II680  |s P  |a 0  |w stu180117_0001